| 000 | 00637nam a22001697a 4500 | ||
|---|---|---|---|
| 008 | 150416b xxu||||| |||| 00| 0 eng d | ||
| 020 | _a9780895550033 | ||
| 050 | _aPA2823.S37 | ||
| 100 |
_aScanlon, Cora Carroll. _917142 |
||
| 245 |
_aSecond Latin: _bfor the reading of philosophy theology and canon law _c/ Cora Carroll Scanlon and Charles L. Scanlon |
||
| 260 |
_aCharlotte, North Carolina _bTAN books _c2011 |
||
| 300 |
_a270p. ; _c22cm. |
||
| 650 |
_aLatin language, Medieval and modern _xGrammar _917144 |
||
| 650 |
_aLatin language _xChurch _xLatin _917145 |
||
| 700 |
_aScanlon, Charles L. _917143 |
||
| 942 |
_2lcc _cMONOGRAPH |
||
| 999 |
_c122651 _d122651 |
||